000 00211nam a22000857a 4500
008 161201b xxu||||| |||| 00| 0 eng d
100 _91678
_aNehemiah
245 _aThe runway wheel
260 _aNew Delhi
_bN.D.CBT
_c2007
999 _c4389
_d4389